LEADER 00919nam0-22003131i-450- 001 990002549820403321 010 $a3540088881 035 $a000254982 035 $aFED01000254982 035 $a(Aleph)000254982FED01 035 $a000254982 100 $a20000920d1979----km-y0itay50------ba 101 0 $aENG 200 1 $aClassical Banach Spaces II$eFunction Spaces$fJoram Lindenstrauss, Lior Tzafriri. 210 $aBerlin$cSpringer Verlag$d1979. 215 $ax, 243 p.$d25 cm 225 1 $aErgebnisse der Mathematik und ihrer Grenzgebiete$v97 610 0 $aAnalisi funzionale, Spazi funzionali 676 $a515 700 1$aLindenstrauss,$bJoram$041187 702 1$aTzafriri,$bLior 801 0$aIT$bUNINA$gRICA$2UNIMARC 901 $aBK 912 $a990002549820403321 952 $aMXI-C-1$b3022$fMAS 959 $aMAS 996 $aClassical Banach Spaces II$9437470 997 $aUNINA DB $aING01 LEADER 01011nam a2200301 i 4500 001 991000807289707536 005 20020507173834.0 008 960827s1975 uk ||| | eng 020 $a0521205654 035 $ab10759955-39ule_inst 035 $aLE01302625$9ExL 040 $aDip.to Matematica$beng 082 0 $a516.1 084 $aAMS 51-01 084 $aAMS 51-XX 100 1 $aBurn, R. P.$0532678 245 10$aDeductive transformation geometry /$cR. P. Burn 260 $aCambridge :$bCambridge University Press,$c1975 300 $axi, 121 p. :$bill. ;$c24 cm. 500 $aBibliography: p. 116-118. 500 $aIncludes index 650 4$aTransformations 907 $a.b10759955$b21-09-06$c28-06-02 912 $a991000807289707536 945 $aLE013 51-XX BUR11 (1975)$g1$i2013000056005$lle013$o-$pE0.00$q-$rl$s- $t0$u2$v0$w2$x0$y.i10855075$z28-06-02 996 $aDeductive transformation geometry$9923143 997 $aUNISALENTO 998 $ale013$b01-01-96$cm$da $e-$feng$guk $h0$i1